<?xml version='1.0' encoding='UTF-8'?>
  <record xmlns="http://www.loc.gov/MARC21/slim">
    <leader>00000cam a22000007i 4500</leader>
    <controlfield tag="001">ocn880250189</controlfield>
    <controlfield tag="003">OCoLC</controlfield>
    <controlfield tag="005">20251119145841.7</controlfield>
    <controlfield tag="008">140109s1880    gw     g      000 0 ger d</controlfield>
    <datafield tag="040" ind1=" " ind2=" ">
      <subfield code="a">FRBML</subfield>
      <subfield code="b">fre</subfield>
      <subfield code="c">FRBML</subfield>
      <subfield code="d">OCLCQ</subfield>
      <subfield code="d">QGJ</subfield>
      <subfield code="d">OCLCQ</subfield>
    </datafield>
    <datafield tag="035" ind1=" " ind2=" ">
      <subfield code="a">(OCoLC)880250189</subfield>
    </datafield>
    <datafield tag="110" ind1="2" ind2=" ">
      <subfield code="a">R. Damköhler (Berlin)</subfield>
    </datafield>
    <datafield tag="245" ind1="1" ind2="0">
      <subfield code="a">Katalog no. IV des antiquarischen Bücherlagers von R. Damköhler Berlin N ... Musik. Zum Theil die Bibliothek des Prof. C.F. Weitzmann enthaltend. Geschichte, Theorie und Musikalien. Nachtrag.</subfield>
    </datafield>
    <datafield tag="246" ind1="3" ind2=" ">
      <subfield code="a">Musik. Zum Theil die Bibliothek des Prof. C.F. Weitzmann enthaltend. Geschichte, Theorie und Musikalien. Nachtrag</subfield>
    </datafield>
    <datafield tag="260" ind1=" " ind2=" ">
      <subfield code="a">[S.l.] :</subfield>
      <subfield code="b">[s.n].,</subfield>
      <subfield code="c">[ca. 1880]</subfield>
      <subfield code="e">(Berlin :</subfield>
      <subfield code="f">A. Haack)</subfield>
    </datafield>
    <datafield tag="300" ind1=" " ind2=" ">
      <subfield code="a">1 vol. (37 p.) ;</subfield>
      <subfield code="c">21 cm</subfield>
    </datafield>
    <datafield tag="336" ind1=" " ind2=" ">
      <subfield code="a">texte</subfield>
      <subfield code="b">txt</subfield>
      <subfield code="2">rdacontent/fre</subfield>
    </datafield>
    <datafield tag="337" ind1=" " ind2=" ">
      <subfield code="a">sans médiation</subfield>
      <subfield code="b">n</subfield>
      <subfield code="2">rdamedia/fre</subfield>
    </datafield>
    <datafield tag="338" ind1=" " ind2=" ">
      <subfield code="a">volume</subfield>
      <subfield code="b">nc</subfield>
      <subfield code="2">rdacarrier/fre</subfield>
    </datafield>
    <datafield tag="500" ind1=" " ind2=" ">
      <subfield code="a">La couverture imprimée sert de titre. - Adresse à l'achevé d'imprimer.</subfield>
    </datafield>
    <datafield tag="562" ind1=" " ind2=" ">
      <subfield code="a">Fait partie d'un recueil (379876 (1)- 379876 (27).</subfield>
      <subfield code="5">FRBML</subfield>
    </datafield>
    <datafield tag="936" ind1=" " ind2=" ">
      <subfield code="a">BATCHLOAD</subfield>
    </datafield>
  </record>